00897cam a2200277 i 450000100090000000300040000900500170001300800410003001000170007102000310008804000280011904200080014705000220015508200200017710000230019724500830022025000190030326400510032230000470037333600210042033700250044133800230046650400690048965000320055865000290059017919940OSt20220524143825.0131028s2015 nyua b 001 0 eng  a 2013042285 a9780077861810 (alk. paper) aDLCbengcDLCerdadDLC apcc00aR726.7b.T39 201500a616.0019bTAY/H1 aTaylor, Shelley E.10aHealth psychology /cShelley E. Taylor, University of California, Los Angeles. aNinth edition. 1aNew York, NY :bMcGraw-Hill Education,c[2015] axviii, 430 pages :billustrations ;c26 cm atext2rdacontent aunmediated2rdamedia avolume2rdacarrier aIncludes bibliographical references (pages 325-387) and indexes. 0aClinical health psychology. 0aMedicine, Psychosomatic.